000 00610nam a22002297a 4500
003 UA-OsUOA
001 51803
007 ta
008 20080122b un ||||| |||| 00| 0 ukr d
100 _aОстапенко В.
090 _a821.161.2
_bО-76
942 _cBK
040 _aUA-OsUOA
_bukr
_cUA-OsUOA
_dUA-OsUOA
245 _aВершники в житах
_bновела
300 _a160 с.
955 _a3
041 _aukr
080 _a821.161.2
260 _bЗолоті літаври
_c1975
650 7 _a82 Література. Літературознавство
_2UDC
999 _c337897
_d337897